00781nam a22002055i 450000100060000000300090000600500170001500700030003200800410003504000200007610000320009624502200012826000500034830000280039865000210042670000430044770000260049085200240051685200350054068569ES-MaACL20230906170316.0t|960808m18901891sp ||||1| spa d aCAM bspa cCAM1 aGascón de Gotor, Anselmo.10aZaragoza artística, monumental é histórica / cpor Anselmo y Pedro Gascón de Gotor ; Ilustrada con una alegoría de Don Marcelino de Unceta... láminas fototípicas y grabados... intercalados en el texto. aZaragoza : b[s.n.], c1890-91 (fC. Ariño) a2 v. : bil. ; c27 cm. 4aArte-zZaragoza.1 aGascón de Gotor, Pedro (d1870-1907)1 aUnceta, Marcelino de. aES-MaACLjC-1202-03 aES-MaACLjG-10173 q.- Vol. II